<?xml version="1.0" encoding="UTF-8"?>
<record
    xmlns:xsi="http://www.w3.org/2001/XMLSchema-instance"
    xsi:schemaLocation="http://www.loc.gov/MARC21/slim http://www.loc.gov/standards/marcxml/schema/MARC21slim.xsd"
    xmlns="http://www.loc.gov/MARC21/slim">

  <leader>00590nam a2200229 a 4500</leader>
  <controlfield tag="001">0001-1202</controlfield>
  <controlfield tag="003">ELIB.Books</controlfield>
  <controlfield tag="008">150519 2010                        eng  </controlfield>
  <datafield tag="020" ind1=" " ind2=" ">
    <subfield code="a">KBTS</subfield>
  </datafield>
  <datafield tag="035" ind1=" " ind2=" ">
    <subfield code="a">(ELIB.Books)0001-1357</subfield>
  </datafield>
  <datafield tag="092" ind1=" " ind2=" ">
    <subfield code="a">J</subfield>
    <subfield code="b">Ram</subfield>
  </datafield>
  <datafield tag="100" ind1=" " ind2=" ">
    <subfield code="a">Ramussen, S. D. H</subfield>
  </datafield>
  <datafield tag="245" ind1=" " ind2=" ">
    <subfield code="a">Healing Communities: </subfield>
    <subfield code="b">Contextualizing Responses to Witch Accusations.</subfield>
  </datafield>
  <datafield tag="260" ind1=" " ind2=" ">
    <subfield code="c">2015</subfield>
  </datafield>
  <datafield tag="300" ind1=" " ind2=" ">
    <subfield code="c">Vol. 39, No.1</subfield>
  </datafield>
  <datafield tag="500" ind1=" " ind2=" ">
    <subfield code="a">Library</subfield>
  </datafield>
  <datafield tag="650" ind1=" " ind2=" ">
    <subfield code="a">Healing Mission</subfield>
  </datafield>
  <datafield tag="856" ind1=" " ind2=" ">
    <subfield code="n">KBTS: Library</subfield>
    <subfield code="u">KBTS: Elib</subfield>
  </datafield>
  <datafield tag="942" ind1=" " ind2=" ">
    <subfield code="2">ddc</subfield>
    <subfield code="c">BK</subfield>
  </datafield>
  <datafield tag="952" ind1=" " ind2=" ">
    <subfield code="0">0</subfield>
    <subfield code="1">0</subfield>
    <subfield code="2">ddc</subfield>
    <subfield code="4">0</subfield>
    <subfield code="7">0</subfield>
    <subfield code="a">KBTS</subfield>
    <subfield code="b">KBTS</subfield>
    <subfield code="d">2015-05-19</subfield>
    <subfield code="l">0</subfield>
    <subfield code="p">2 J</subfield>
    <subfield code="r">2022-01-22 00:00:00</subfield>
    <subfield code="w">2022-01-22</subfield>
    <subfield code="y">BK</subfield>
  </datafield>
  <datafield tag="998" ind1=" " ind2=" ">
    <subfield code="c">bat</subfield>
    <subfield code="e">2015-05-19</subfield>
  </datafield>
  <datafield tag="999" ind1=" " ind2=" ">
    <subfield code="c">11202</subfield>
    <subfield code="d">11202</subfield>
  </datafield>
</record>
